000 00729cam a2200229 a 4500
001 000013043
005 20200929163128.0
008 980625s1997 ck 000 0 spa d
020 _a9586391299
040 _aDO-SdBNP
_cNYP
_dDLC
042 _alccopycat
043 _as-ck---
082 _a432.86109
_bB276t
100 1 _aBarrios Zuluaga, Ricardo.
_930149
245 1 0 _aTratado sobre el municipio contemporáneo /
_cRicardo Barrios Zuluaga.
260 _aSanta Fe de Bogotá, Colombia :
_bGrijalbo,
_c1997.
300 _a506 p. ;
_c24 cm.
650 4 _aDerecho internacional y municipal
_zColombia.
_930150
650 4 _aMunicipios
_bCOLOMBIA
_930151
910 _aCatalogación por copia / LC
999 _a1
_n0000288
_c12687
_d12687
049 _aBNGR